Statistics for All ABBA songs

Click here to take the quiz!

General Stats

  • This quiz has been taken 2,132 times
  • The average score is 38 of 99

Answer Stats

AlbumTrack% Correct
WaterlooWaterloo
95%
Dancing Queen
92%
ABBAMamma Mia
89%
Super TrouperSuper Trouper
87%
Voulez-Vous
86%
Ring RingRing Ring
81%
Fernando
78%
The Winner Takes It All
75%
Money Money Money
74%
SOS
70%
Thank You For The Music
68%
Take A Chance On Me
68%
Does Your Mother Know
68%
Chiquitita
66%
Knowing Me, Knowing You
63%
Honey Honey
61%
Arrival
60%
Lay All Your Love On Me
60%
I Have A Dream
60%
The VisitorsThe Visitors
57%
One Of Us
55%
The Name Of The Game
53%
ArrivalWhen I Kissed The Teacher
53%
Our Last Summer
50%
Gimme Gimme Gimme (A Man After Midnight)
50%
Angeleyes
49%
I Do, I Do, I Do, I Do, I Do
48%
ABBA: The AlbumEagle
46%
Slipping Through My Fingers
46%
Happy New Year
45%
The Day Before You Came
43%
When All Is Said And Done
42%
Summer Night City
40%
Head Over Heels
37%
Andante, Andante
37%
Why Did It Have To Be Me?
37%
Under Attack
36%
Hasta Manana
36%
My Love, My Life
35%
On and On and On
34%
Tiger
34%
Kisses Of Fire
33%
So Long
32%
I'm a Marionette
32%
Nina, Pretty Ballerina
31%
I've Been Waiting For You
30%
People Need Love
30%
I Wonder (Departure)
30%
The Piper
30%
Rock Me
30%
Bang-A-Boomerang
30%
Dum Dum Diddle
30%
The Way Old Friends Do
29%
That's Me
29%
The King Has Lost His Crown
29%
Soldiers
28%
King Kong Song
28%
Another Town Another Train
28%
Hey, Hey Helen
27%
Cassandra
27%
If It Wasn't For The Nights
27%
Like An Angel Passing Through My Room
27%
Dance (While The Music Still Goes On)
27%
One Man One Woman
27%
Voulez-VousAs Good As New
26%
Me and I
26%
He Is Your Brother
26%
Two For The Price Of One
25%
Elaine
25%
Happy Hawaii
25%
Disillusion
24%
Intermezzo No.1
24%
Me and Bobby and Bobby's Brother
24%
Sitting In The Palmtree
24%
Tropical Loveland
24%
Hole In Your Soul
24%
Move On
23%
I Let The Music Speak
23%
Lovers (Live A Little Longer)
23%
Man In The Middle
22%
Suzy-Hang-Around
22%
I Am The City
21%
Lovelight
21%
What About Livingstone?
21%
Rock 'n' Roll Band
21%
My Mama Said
21%
Love Isn't Easy (But It Sure Is Hard Enough)
21%
I Am Just A Girl
21%
Watch Out
20%
Crazy World
20%
I saw It In The Mirror
20%
She's My Kind Of Girl
20%
Gonna Sing You My Lovesong
19%
Put On Your White Sombrero
19%
Should I Laugh or Cry
19%
You Owe Me One
19%
Non-Album TracksMerry-Go-Round
18%
Santa Rosa
17%
Pick A Bale of Cotton medley
13%

Score Distribution

Percentile by Number Answered

Percent of People with Each Score

Your Score History

You have not taken this quiz